000 00610nam a2200229Ia 4500
003 OSt
005 20230509141504.0
008 210423s2011 xx 000 0 und d
020 _a978-93-80601-33-5
040 _cAL
041 _aeng
082 _a808.3 AUGA
100 _aAUGER (Peter)
_9101020
245 _aAnthem glossary of literary terms and theory
260 _aNew york
_bAnthem Press
_c2011
300 _axiii,389
_bPB
365 _b395
_cINR
650 _aLiterature
_9101021
650 _aLiterature
_9101021
906 _aAnthem ; glossary ; literary ; terms ; theory
942 _2ddc
_cBK
999 _c165671
_d165671